| 000 | 00677nam a22001937a 4500 | ||
|---|---|---|---|
| 005 | 20100806120215.0 | ||
| 010 | _aENG-98606 | ||
| 020 |
_a9788190702904 _c60.00 |
||
| 035 | _aEN-82139 | ||
| 037 | _bDBAD/PUB | ||
| 082 | _a537 | ||
| 100 |
_aKishor Kumar,J. _98785 |
||
| 245 |
_aElectricity and magnetism / _cby J. Kishor Kumar |
||
| 260 |
_aCoimbatore _bWisdom Based Computing Publishers _c2008 |
||
| 270 |
_aC5, Staff Quarters Bharathiar University _bCoimbatore _e46 |
||
| 300 |
_a151p. : _bill. _c21cm (pbk) |
||
| 942 |
_2ddc _cEN _h537 _mKIS |
||
| 999 |
_c39679 _d39679 |
||